Vector analysis with applications (Record no. 7970)

000 -LEADER
fixed length control field 00491nam a22001937a 4500
001 - CONTROL NUMBER
control field 7970
003 - CONTROL NUMBER IDENTIFIER
control field BD-DhUET
008 - FIXED-LENGTH DATA ELEMENTS--GENERAL INFORMATION
fixed length control field 141221b xxu||||| |||| 00| 0 eng d
040 ## - CATALOGING SOURCE
Transcribing agency 0
Modifying agency BD-DhUET
082 ## - DEWEY DECIMAL CLASSIFICATION NUMBER
Classification number 516.83
Item number ALI/1977
100 ## - MAIN ENTRY--PERSONAL NAME
Personal name Ali Ashraf
245 ## - TITLE STATEMENT
Title Vector analysis with applications
Statement of responsibility, etc. by Ali Ashraf
250 ## - EDITION STATEMENT
Edition statement 1st ed.
260 ## - PUBLICATION, DISTRIBUTION, ETC. (IMPRINT)
Place of publication, distribution, etc. Dhaka
Name of publisher, distributor, etc. Hafiz book centre
Date of publication, distribution, etc. 1977
300 ## - PHYSICAL DESCRIPTION
Extent 340[2]p.
Other physical details ill.
650 #0 - SUBJECT ADDED ENTRY--TOPICAL TERM
Topical term or geographic name as entry element Vector analysis
700 ## - ADDED ENTRY--PERSONAL NAME
Personal name Abdul Khaleq Hazra, Md.
942 ## - ADDED ENTRY ELEMENTS (KOHA)
Koha item type General Book
Holdings
Koha full call number Koha date last borrowed Price effective from Source of classification or shelving scheme Withdrawn status Location (home branch) Lost status Not for loan Sublocation or collection (holding branch) Koha out on loan Koha normalized classification for sorting Koha item type Copy number Koha date last seen Piece designation (barcode) Shelving location Koha issues (times borrowed) Damaged status Date acquired
516.83/ALI/19772023-09-262014-12-21  Central Library, BUET  Central Library, BUET 516_830000000000000_ALI_1977General Book12025-11-0948782Circulation section13 2014-12-21
516.83/ALI/19772024-02-042015-03-31  Central Library, BUET  Central Library, BUET2024-02-18516_830000000000000_ALI_1977General Book22024-02-0448785Circulation section9 2015-03-31
516.83/ALI/1977 2015-06-07  Central Library, BUET  Central Library, BUET 516_830000000000000_ALI_1977General Book32015-06-0756215Reading section  2015-06-07
516.83/ALI/1977 2015-06-07  Central Library, BUET  Central Library, BUET 516_830000000000000_ALI_1977General Book42015-06-0756213Reading section  2015-06-07
516.83/ALI/1977 2015-06-07  Central Library, BUET  Central Library, BUET 516_830000000000000_ALI_1977General Book52015-06-0756216Reading section  2015-06-07
516.83/ALI/1977 2015-06-07  Central Library, BUET  Central Library, BUET 516_830000000000000_ALI_1977General Book62015-06-0756218Reading section  2015-06-07
516.83/ALI/19772024-10-232015-07-12  Central Library, BUET  Central Library, BUET 516_830000000000000_ALI_1977General Book72025-11-0956212Circulation section1 2015-07-12